NPB 本塁打を打った投手 - Statistics

General Stats
  • This quiz has been taken 70 times
  • The average score is 73 of 142
Answer Stats
球団 通算(号) Answer % Correct
2013 日本ハム 1 大谷 翔平
93%
2013 日本ハム 2 大谷 翔平
93%
2013 日本ハム 3 大谷 翔平
93%
2014 日本ハム 4 大谷 翔平
93%
2014 日本ハム 5 大谷 翔平
93%
2014 日本ハム 6 大谷 翔平
93%
2014 日本ハム 7 大谷 翔平
93%
2014 日本ハム 8 大谷 翔平
93%
2014 日本ハム 9 大谷 翔平
93%
2014 日本ハム 10 大谷 翔平
93%
2014 日本ハム 11 大谷 翔平
93%
2014 日本ハム 12 大谷 翔平
93%
2014 日本ハム 13 大谷 翔平
93%
2015 日本ハム 14 大谷 翔平
93%
2015 日本ハム 15 大谷 翔平
93%
2015 日本ハム 16 大谷 翔平
93%
2015 日本ハム 17 大谷 翔平
93%
2015 日本ハム 18 大谷 翔平
93%
2016 日本ハム 19 大谷 翔平
93%
2016 日本ハム 20 大谷 翔平
93%
2016 日本ハム 21 大谷 翔平
93%
2016 日本ハム 22 大谷 翔平
93%
2016 日本ハム 23 大谷 翔平
93%
2016 日本ハム 24 大谷 翔平
93%
2016 日本ハム 25 大谷 翔平
93%
2016 日本ハム 26 大谷 翔平
93%
2016 日本ハム 27 大谷 翔平
93%
2016 日本ハム 28 大谷 翔平
93%
2016 日本ハム 29 大谷 翔平
93%
2016 日本ハム 30 大谷 翔平
93%
2016 日本ハム 31 大谷 翔平
93%
2016 日本ハム 32 大谷 翔平
93%
2016 日本ハム 33 大谷 翔平
93%
2016 日本ハム 34 大谷 翔平
93%
2016 日本ハム 35 大谷 翔平
93%
2016 日本ハム 36 大谷 翔平
93%
2016 日本ハム 37 大谷 翔平
93%
2016 日本ハム 38 大谷 翔平
93%
2016 日本ハム 39 大谷 翔平
93%
2016 日本ハム 40 大谷 翔平
93%
2017 日本ハム 41 大谷 翔平
93%
2017 日本ハム 42 大谷 翔平
93%
2017 日本ハム 43 大谷 翔平
93%
2017 日本ハム 44 大谷 翔平
93%
2017 日本ハム 45 大谷 翔平
93%
2017 日本ハム 46 大谷 翔平
93%
2017 日本ハム 47 大谷 翔平
93%
2017 日本ハム 48 大谷 翔平
93%
2025 広島 1 床田 寛樹
80%
2014 阪神 1 藤浪 晋太郎
76%
2018 阪神 2 藤浪 晋太郎
76%
2020 広島 1 大瀬良 大地
76%
2021 阪神 3 藤浪 晋太郎
76%
2023 広島 1 森下 暢仁
74%
2025 DeNA 1 A.ジャクソン
74%
2020 阪神 1 西 勇輝
72%
2022 阪神 1 西 純矢
72%
2015 ヤクルト 1 小川 泰弘
65%
2016 ヤクルト 2 小川泰弘
65%
2018 読売 1 菅野 智之
65%
2022 ヤクルト 3 小川 泰弘
65%
2017 DeNA 1 J.ウィーランド
65%
2017 DeNA 2 J.ウィーランド
65%
2017 DeNA 3 J.ウィーランド
65%
2018 DeNA 4 J.ウィーランド
65%
2008 広島 1 前田 健太
57%
2015 広島 2 前田 健太
57%
2024 DeNA 1 中川 颯
57%
2023 日本ハム 1 矢澤宏太
50%
2025 日本ハム 2 矢澤 宏太
50%
2001 広島 1 高橋 建
43%
2001 広島 2 高橋 建
43%
2003 読売 1 上原浩治
43%
2008 広島 3 高橋 建
43%
2017 阪神 1 秋山拓巳
43%
2018 阪神 2 秋山 拓巳
43%
2018 日本ハム 1 上原 健太
43%
2001 中日 3 川上 憲伸
41%
2002 中日 4 川上 憲伸
41%
2004 中日 5 川上 憲伸
41%
2004 中日 6 川上憲伸
41%
2005 中日 7 川上 憲伸
41%
2008 中日 8 川上 憲伸
41%
2001 横浜 6 野村 弘樹
37%
2002 読売 7 桑田 真澄
37%
2013 広島 1 野村祐輔
37%
2023 ヤクルト 1 サイスニード
37%
2004 読売 1 工藤 公康
35%
2017 中日 1 山井 大介
33%
2017 阪神 1 R.メッセンジャー
33%
2006 西武 1 松坂 大輔
28%
2011 読売 1 東野 峻
26%
2014 DeNA 1 山口 俊
26%
2016 DeNA 2 山口俊
26%
2017 読売 2 M.マイコラス
26%
2013 阪神 1 能見篤史
24%
2016 中日 1 R.バルデス
22%
2017 中日 2 R.バルデス
22%
2022 中日 1 勝野 昌慶
20%
2022 DeNA 1 京山 将弥
20%
2005 日本ハム 1 岩本 勉
17%
2008 広島 1 C.ルイス
17%
2008 広島 2 C.ルイス
17%
2009 広島 3 C.ルイス
17%
2009 広島 4 C.ルイス
17%
2009 広島 5 C.ルイス
17%
2010 ヤクルト 1 館山 昌平
15%
2015 ヤクルト 2 館山 昌平
15%
2001 阪神 1 福原 忍
13%
2004 ヤクルト 1 石井 弘寿
13%
2004 阪神 2 福原 忍
13%
2005 ヤクルト 1 高井 雄平
13%
2011 オリックス 1 A.フィガロ
13%
2007 阪神 1 R.ボーグルソン
13%
2008 阪神 2 R.ボーグルソン
13%
2012 読売 1 D.ホールトン
11%
2018 ヤクルト 1 M.カラシティー
11%
1991 オリックス 1 D.シュルジー
9%
2005 ヤクルト 1 R.ガトームソン
9%
2006 ヤクルト 2 R.ガトームソン
9%
2008 ソフトバンク 3 R.ガトームソン
9%
2003 中日 1 朝倉 健太
7%
2004 横浜 1 門倉 健
7%
2015 中日 1 D.ネイラー
7%
2014 DeNA 1 G.モスコーソ
7%
2010 読売 1 W.オビスポ
7%
2007 横浜 1 ホセロ・ディアス
4%
2013 中日 1 山内壮馬
4%
2005 オリックス 1 J.パウエル
4%
2003 横浜 1 森中 聖雄
2%
2008 ソフトバンク 1 大隣憲史
2%
2002 ヤクルト 1 K.ホッジス
2%
2002 ヤクルト 2 K.ホッジス
2%
2001 中日 1 M.バンチ
2%
2002 中日 2 M.バンチ
2%
2002 中日 3 M.バンチ
2%
2009 横浜 1 S.ランドルフ
2%
2003 広島 1 T.デイビー
2%
2004 広島 2 T.デイビー
2%
2003 広島 1 C.ブロック
0%
2003 広島 2 C.ブロック
0%
2004 ヤクルト 1 J.ベバリン
0%
No matching quizzes found
Score Distribution
Percent of People with Each Score
Percentile by Number Answered
Your Score History
You have not taken this quiz